[Event "Konnerud GP B"]
[Site "Konnerud"]
[Date "2015.11.21"]
[Round "2"]
[White "Tenold, Andreas"]
[Black "Thorvaldsen, Idun"]
[Result "1-0"]
[WhiteElo "1543"]
[BlackElo "1436"]
[PlyCount "71"]
[EventDate "2015.11.21"]
[EventType "swiss"]
[EventRounds "5"]
[EventCountry "NOR"]
[SourceTitle "EXT 2024"]
[Source "ChessBase"]
[SourceDate "2023.10.10"]
[SourceVersion "1"]
[SourceVersionDate "2023.10.10"]
[SourceQuality "1"]

1. e4 c5 2. Nf3 d6 3. d4 cxd4 4. Nxd4 Nc6 5. Nc3 Nf6 6. Bg5 e6 7. Bb5 Bd7 8. f4 Be7 9. Qd2 e5 10. fxe5 dxe5 11. Nxc6 Bxc6 12. Bxc6+ bxc6 13. 0-0-0 Qb6 14. Bxf6 Rd8 15. Qxd8+ Bxd8 16. Rxd8+ Qxd8 17. Bxd8 Kxd8 18. Kd2 Ke7 19. Ke3 f6 20. Rd1 Rb8 21. b3 Rb7 22. Na4 Rd7 23. Rxd7+ Kxd7 24. Nc5+ Kd6 25. b4 Kc7 26. Ne6+ Kb6 27. c4 a5 28. a3 axb4 29. axb4 g6 30. Nf8 c5 31. Nd7+ Kc6 32. Nxc5 f5 33. g3 Kd6 34. Nd3 Ke6 35. b5 Kd6 36. c5+ 1-0

[Event "Fagernes Norsk op-B"]
[Site "Fagernes"]
[Date "2015.03.29"]
[Round "1"]
[White "Thorvaldsen, Idun"]
[Black "Engevik, Bjarne Johan"]
[Result "0-1"]
[WhiteElo "984"]
[BlackElo "1819"]
[PlyCount "98"]
[EventDate "2015.03.29"]
[EventType "swiss"]
[EventRounds "9"]
[EventCountry "NOR"]
[SourceTitle "EXT 2016"]
[Source "ChessBase"]
[SourceDate "2015.10.08"]
[SourceVersion "1"]
[SourceVersionDate "2015.10.08"]
[SourceQuality "1"]

1. d4 Nf6 2. c4 e6 3. Nc3 d5 4. Bg5 Be7 5. Nf3 0-0 6. e3 b6 7. Bxf6 Bxf6 8. Qc2 dxc4 9. Bxc4 Bb7 10. Be2 Nc6 11. a3 Ne7 12. Ne4 Nd5 13. 0-0 Rc8 14. Bd3 Be7 15. b4 f5 16. Ned2 c5 17. Qb3 cxb4 18. axb4 Rc3 19. Qb1 Nxb4 20. Bc4 Bd5 21. Bxd5 Nxd5 22. Rxa7 Qb8 23. Qa1 Rfc8 24. Ne5 R3c7 25. Ra6 Bb4 26. Ndc4 Bc3 27. Qa4 b5 28. Qa3 Bb4 29. Qa2 bxc4 30. Rxe6 Qb5 31. Rc1 c3 32. Rb6 Qxb6 33. Qxd5+ Kh8 34. Nf7+ Rxf7 35. Qxf7 Qb5 36. Qe6 Qc4 37. Qxf5 c2 38. h3 Ba3 39. Rxc2 Qxc2 40. Qxc2 Rxc2 41. g4 g5 42. Kg2 Kg7 43. Kg3 Bd6+ 44. Kf3 Kf6 45. e4 Rc3+ 46. Ke2 Rxh3 47. e5+ Bxe5 48. dxe5+ Kxe5 49. f3 Kf4 0-1